Statistics for Countries that won Eurovision (Yellow Box Version)

Click here to take the quiz!

General Stats

  • This quiz has been taken 12 times
    (3 since last reset)
  • The average score is 47 of 70

Answer Stats

YearSongCountry% Correct
1977L'Oiseau et l'EnfantFrance
100%
1969Un jour, un enfantFrance
100%
1958Dors, mon amourFrance
100%
1960Tom PhillibiFrance
100%
1962Un premier amourFrance
100%
1982Ein bißchen FriedenGermany
100%
1990Insieme: 1992Italy
100%
1964Non ho l'etàItaly
100%
2021Zitti e buoniItaly
100%
1999Take Me to Your HeavenSweden
100%
1991Fångad av en stormvindSweden
100%
2012EuphoriaSweden
100%
2015HeroesSweden
100%
1984Diggi-Loo Diggi-LeySweden
100%
1974WaterlooSweden
100%
2023TattooSweden
100%
2022StefaniaUkraine
100%
1981Making Your Mind UpUnited Kingdom
100%
1969Boom Bang-a-BangUnited Kingdom
100%
1997Love Shine a LightUnited Kingdom
100%
1976Save Your Kisses for MeUnited Kingdom
100%
1967Puppet on a StringUnited Kingdom
100%
1986J'aime la vieBelgium
67%
1963DanseviceDenmark
67%
2013Only TeardropsDenmark
67%
2000Fly on the Wings of LoveDenmark
67%
2010SatelliteGermany
67%
1996The VoiceIreland
67%
1994Rock 'n' Roll KidsIreland
67%
1970All kinds of everythingIreland
67%
1993In Your EyesIreland
67%
1992Why Me?Ireland
67%
2018ToyIsrael
67%
1961Nous les amoureuxLuxembourg
67%
1972Après toiLuxembourg
67%
1973Tu te reconnaîtrasLuxembourg
67%
1983Si la vie est cadeauLuxembourg
67%
1965Poupée de cire, poupée de sonLuxembourg
67%
1957Net als toenNetherlands
67%
1975Ding-a-dongNetherlands
67%
2019ArcadeNetherlands
67%
1959Een beetjeNetherlands
67%
1969De TroubadourNetherlands
67%
2009FairytaleNorway
67%
2017Amar pelos doisPortugal
67%
2008BelieveRussia
67%
1969Vivo cantandoSpain
67%
1968La, la, laSpain
67%
1956RefrainSwitzerland
67%
1988Ne partez pas sans moiSwitzerland
67%
2014Rise Like a PhoenixAustria
33%
1966Merci, ChérieAustria
33%
2011Running ScaredAzerbaijan
33%
2001EverybodyEstonia
33%
2006Hard Rock HallelujahFinland
33%
2005My Number OneGreece
33%
1980What's Another YearIreland
33%
1987Hold Me NowIreland
33%
1978A-Ba-Ni-BiIsrael
33%
1998DivaIsrael
33%
1979HallelujahIsrael
33%
2002I WannaLatvia
33%
1971Un banc, un arbre, une rueMonaco
33%
1985La det swingeNorway
33%
1995NocturneNorway
33%
2007MolitvaSerbia
33%
2003Everyway that I CanTurkey
33%
20161944Ukraine
33%
2004Wild DancesUkraine
33%
1989Rock MeYugoslavia
33%

Score Distribution

Percentile by Number Answered

Percent of People with Each Score

Your Score History

You have not taken this quiz since the last reset